| 000 | 00863nam a22002297a 4500 | ||
|---|---|---|---|
| 999 |
_c7586 _d7586 |
||
| 003 | AR-CdUCM | ||
| 008 | 190320b ||||| |||| 00| 0 spa d | ||
| 040 |
_aMUNICIPALIDAD PROVINCIAL DEL CUSCO _cBIBLIOTECA MUNICIPAL DEL CUSCO |
||
| 041 | _hrus | ||
| 082 |
_22ed. _a620.11 / _bST81 |
||
| 100 |
_aStiopin, P. A. _921425 |
||
| 245 | _aResistencia de materiales / | ||
| 260 |
_aMoscú : _bMIR, _c1976. |
||
| 300 |
_a367 páginas ; _bfiguras, tablas _c22 cm. |
||
| 505 | _aContenido: Consideraciones fundamentales -- Tracción y compresión -- Deslizamiento -- Torsión -- Flexión calculo de las tensiones -- Cálculos de los desplazamientos ... | ||
| 650 |
_aResistencia de materiales _920140 |
||
| 650 |
_aFlexión _921426 |
||
| 650 |
_aAcción dinámica _921427 |
||
| 700 |
_aGutierres Mora, Pedro (traducción) _921428 |
||
| 942 |
_2ddc _cLIBROS |
||
| 945 | _aachl | ||